[Event "Turkish Super League 2019"]
[Site "Konya"]
[Date "2019.07.25"]
[Round "10"]
[White "Caglar, Sila"]
[Black "Ayan, Bengu Sena"]
[Result "1-0"]
[WhiteElo "2306"]
[BlackElo "1885"]
[Annotator "NA"]
[PlyCount "77"]
[EventDate "2019.07.17"]
[EventType "team-tourn"]
[EventCountry "TUR"]
[SourceTitle "playchess.com"]
[Source "ChessBase"]
[SourceQuality "1"]
[TimeControl "40/5400+30:1800+30"]

1. e4 {[%emt 0:00:30]} e6 {[%emt 0:00:30]} 2. d4 {[%emt 0:00:30]} d5 {[%emt 0:00:30]} 3. Nd2 {[%emt 0:00:30]} Nc6 {[%emt 0:00:30]} 4. Ngf3 {[%emt 0:00:30]} Nf6 {[%emt 0:00:30]} 5. e5 {[%emt 0:00:30]} Nd7 {[%emt 0:00:00]} 6. Nb3 {[%emt 0:00:00]} Be7 {[%emt 0:02:00]} 7. Bb5 {[%emt 0:01:00]} a6 {[%emt 0:01:30]} 8. Bxc6 {[%emt 0:04:30]} bxc6 {[%emt 0:00:30]} 9. Na5 {[%emt 0:00:30]} Nb8 {[%emt 0:02:30]} 10. O-O {[%emt 0:00:30]} c5 {[%emt 0:06:30]} 11. c4 {[%emt 0:08:30]} c6 {[%emt 0:12:30]} 12. Qa4 {[%emt 0:12:30]} cxd4 {[%emt 0:09:30]} 13. Nb3 {[%emt 0:13:30]} O-O {[%emt 0:08:30]} 14. cxd5 {[%emt 0:16:30]} cxd5 {[%emt 0:02:30]} 15. Nbxd4 {[%emt 0:03:30]} Bd7 {[%emt 0:04:30]} 16. Qc2 {[%emt 0:03:30]} Ra7 {[%emt 0:06:30]} 17. Bf4 {[%emt 0:02:30]} Rc7 {[%emt 0:04:30]} 18. Qd3 {[%emt 0:02:30]} Rb7 {[%emt 0:02:30]} 19. b3 {[%emt 0:05:30]} a5 {[%emt 0:02:30]} 20. Rfc1 {[%emt 0:05:21]} f6 {[%emt 0:11:30]} 21. Rc2 {[%emt 0:08:42]} fxe5 {[%emt 0:04:28]} 22. Bxe5 {[%emt 0:00:09]} Bf6 {[%emt 0:00:00]} 23. Re1 {[%emt 0:06:27]} Re8 {[%emt 0:07:08]} 24. Qc3 {[%emt 0:03:10]} a4 {[%emt 0:05:14]} 25. Rce2 {[%emt 0:00:00]} axb3 {[%emt 0:02:23]} 26. axb3 {[%emt 0:00:20]} Na6 {[%emt 0:00:30]} 27. Bxf6 {[%emt 0:01:08]} Qxf6 {[%emt 0:00:31]} 28. Ne5 {[%emt 0:00:30]} Rf8 {[%emt 0:00:30]} 29. Qa5 {[%emt 0:00:16]} Nb8 {[%emt 0:02:14]} 30. Nxd7 {[%emt 0:00:46]} Rxd7 {[%emt 0:00:09]} 31. Nxe6 {[%emt 0:00:08]} Re8 {[%emt 0:01:05]} 32. g3 {[%emt 0:00:54]} Rd6 {[%emt 0:01:07]} 33. Nf4 {[%emt 0:00:33]} Rxe2 {[%emt 0:00:48]} 34. Rxe2 {[%emt 0:00:02]} Nc6 {[%emt 0:00:10]} 35. Qc7 {[%emt 0:00:33]} h6 {[%emt 0:00:28]} 36. Nh5 {[%emt 0:01:16]} Qg6 {[%emt 0:00:01]} 37. Nxg7 {[%emt 0:00:09]} Nd4 {[%emt 0:01:05]} 38. Re8+ {[%emt 0:00:43]} Kh7 {[%emt 0:00:02]} 39. Nf5+ {[%emt 0:00:00]} 1-0

[Event "Turkish Super League 2019"]
[Site "Konya"]
[Date "2019.07.25"]
[Round "10"]
[White "Dordzhieva, Dinara"]
[Black "Ozturk, Kubra"]
[Result "1-0"]
[WhiteElo "2306"]
[BlackElo "2317"]
[Annotator "NA"]
[PlyCount "97"]
[EventDate "2019.07.17"]
[EventType "team-tourn"]
[EventCountry "TUR"]
[SourceTitle "playchess.com"]
[Source "ChessBase"]
[SourceQuality "1"]
[TimeControl "40/5400+30:1800+30"]

1. d4 {[%emt 0:02:30]} d5 {[%emt 0:00:30]} 2. Bf4 {[%emt 0:00:30]} Nf6 {[%emt 0:00:30]} 3. e3 {[%emt 0:00:00]} e6 {[%emt 0:00:30]} 4. Nd2 {[%emt 0:00:00]} c5 {[%emt 0:00:30]} 5. c3 {[%emt 0:00:30]} Nc6 {[%emt 0:00:30]} 6. Ngf3 {[%emt 0:00:30]} Bd6 {[%emt 0:00:30]} 7. Bg3 {[%emt 0:00:30]} O-O {[%emt 0:00:30]} 8. Bb5 {[%emt 0:00:30]} Ne7 {[%emt 0:00:30]} 9. Bd3 {[%emt 0:00:30]} cxd4 {[%emt 0:17:30]} 10. exd4 {[%emt 0:00:00]} Nf5 {[%emt 0:01:30]} 11. Ne5 {[%emt 0:13:00]} g6 {[%emt 0:06:30]} 12. Qe2 {[%emt 0:31:30]} Nh5 {[%emt 0:04:30]} 13. Qf3 {[%emt 0:08:30]} f6 {[%emt 0:15:30]} 14. Ng4 {[%emt 0:00:00]} Nhg7 {[%emt 0:01:30]} 15. Bxd6 {[%emt 0:06:00]} Qxd6 {[%emt 0:01:30]} 16. O-O {[%emt 0:00:30]} e5 {[%emt 0:04:30]} 17. dxe5 {[%emt 0:04:30]} fxe5 {[%emt 0:00:30]} 18. Qe2 {[%emt 0:00:30]} e4 {[%emt 0:01:30]} 19. Bc2 {[%emt 0:00:00]} Be6 {[%emt 0:10:30]} 20. Bb3 {[%emt 0:04:00]} Rad8 {[%emt 0:01:30]} 21. Rad1 {[%emt 0:01:30]} Qf4 {[%emt 0:02:30]} 22. Ne3 {[%emt 0:00:30]} Kh8 {[%emt 0:03:30]} 23. Rfe1 {[%emt 0:01:30]} Nh4 {[%emt 0:07:34]} 24. Ndf1 {[%emt 0:01:30]} Qg5 {[%emt 0:02:00]} 25. Ng3 {[%emt 0:00:30]} Rf4 {[%emt 0:01:13]} 26. Qd2 {[%emt 0:03:30]} d4 {[%emt 0:05:15]} 27. Bxe6 {[%emt 0:07:09]} Nxe6 {[%emt 0:00:30]} 28. cxd4 {[%emt 0:00:30]} Nc5 {[%emt 0:00:30]} 29. Qa5 {[%emt 0:00:30]} b6 {[%emt 0:00:30]} 30. Qc3 {[%emt 0:00:30]} Nd3 {[%emt 0:00:21]} 31. d5+ {[%emt 0:07:19]} Kg8 {[%emt 0:00:08]} 32. Re2 {[%emt 0:00:07]} Rdf8 {[%emt 0:06:48]} 33. Rdd2 {[%emt 0:00:57]} Ne5 {[%emt 0:01:21]} 34. d6 {[%emt 0:01:31]} Nhf3+ {[%emt 0:00:43]} 35. gxf3 {[%emt 0:00:56]} Nxf3+ {[%emt 0:00:04]} 36. Kg2 {[%emt 0:02:46]} Qh6 {[%emt 0:00:49]} 37. Qc4+ {[%emt 0:01:24]} Kh8 {[%emt 0:00:30]} 38. Qc3+ {[%emt 0:00:30]} Kg8 {[%emt 0:00:00]} 39. Nef1 {[%emt 0:00:20]} Rh4 {[%emt 0:00:30]} 40. Qc4+ {[%emt 0:01:08]} Kh8 {[%emt 0:00:00]} 41. Qc3+ {[%emt 0:07:53]} Kg8 {[%emt 0:00:44]} 42. Rxe4 {[%emt 0:04:30]} Rxh2+ {[%emt 0:30:46]} 43. Nxh2 {[%emt 0:00:30]} Qxh2+ {[%emt 0:00:26]} 44. Kf1 {[%emt 0:00:30]} Nxd2+ {[%emt 0:00:56]} 45. Qxd2 {[%emt 0:00:30]} Qxg3 {[%emt 0:00:00]} 46. d7 {[%emt 0:00:30]} Qh2 {[%emt 0:01:23]} 47. Qd5+ {[%emt 0:01:06]} Kg7 {[%emt 0:00:30]} 48. Qd4+ {[%emt 0:00:00]} Kf7 {[%emt 0:01:17]} 49. Rf4+ {[%emt 0:00:43]} 1-0

[Event "Turkish Super League 2019"]
[Site "Konya"]
[Date "2019.07.25"]
[Round "10"]
[White "Eren, Ataberk"]
[Black "Dolgun, Can"]
[Result "1-0"]
[WhiteElo "2295"]
[BlackElo "2064"]
[Annotator "TA"]
[PlyCount "167"]
[EventDate "2019.07.17"]
[EventType "team-tourn"]
[EventCountry "TUR"]
[SourceTitle "playchess.com"]
[Source "ChessBase"]
[SourceQuality "1"]

{[%evp 15,167,10,35,9,0,0,18,0,0,0,0,0,0,-8,0,0,0,0,0,-3,7,-14,-8,-33,-24,-26,-24,-25,-16,-52,-16,-47,-47,-39,0,-59,-47,-68,-27,-53,-34,-68,-53,-54,-52,-60,-46,-92,-89,-99,-66,-62,-62,-86,-65,-77,0,-75,-67,-67,-26,-53,-61,-56,-64,-89,-81,-93,-74,-77,0,-74,0,-87,0,-86,-69,-99,-75,-84,0,-93,-95,-129,-120,-129,-119,-143,-92,-152,-77,-61,-64,-67,-67,-66,-66,-64,-12,-17,-19,-26,0,-26,-4,0,0,-13,-6,-13,0,0,0,0,4,0,0,-48,-38,-77,-23,-108,-91,-102,-110,-197,-201,-196,-76,-62,0,0,0,-256,350,337,1344,1347,1316,1318,965,929,907,882,2327,926,890,833,949,885,740,739,29993,297]} 1. d4 d5 2. c4 e5 3. e3 exd4 4. exd4 dxc4 5. Bxc4 Nf6 6. Nf3 Bd6 7. O-O O-O 8. Nc3 h6 9. Qc2 {D20: Queen's Gambit Accepted: 3 e3 and 3 e4} Nc6 {[%cal Bb8c6,Bc6e7,Be7d5][%mdl 32]} 10. h3 Ne7 (10... Na5 11. Bd3 Be6 12. Re1 Re8 13. Ne5 Nc6 14. Nxc6 bxc6 15. a3 Qd7 16. Ne4 Nxe4 17. Bxe4 Bf5 {½-½ (44) Nyzhnyk,I (2627)-Holt,C (2521) ICC INT 2015}) 11. Re1 {The position is equal.} c6 12. Bd3 $146 ({Predecessor:} 12. Ne5 Nfd5 13. Bd2 Be6 14. Rad1 Re8 15. Ne4 Nf5 {½-½ (27) Lloyd,G (2252)-Poell,J (2377) ICCF email 2015}) 12... Ned5 13. a3 Be6 14. Bd2 Rc8 15. Na4 Rc7 16. Nc5 Bc8 17. Rad1 Re8 18. Rxe8+ Qxe8 19. Nh4 Nf4 20. Bxf4 Bxf4 21. Bc4 Nd5 22. Qb3 Re7 23. Nf3 Nb6 24. Bf1 Nd5 25. a4 (25. Bc4 $11) 25... Bc7 26. Kh1 Bb6 27. Qa3 a5 28. Qb3 Nb4 29. Qc3 Bc7 30. Bc4 Nd5 31. Qb3 Nb6 32. Bf1 Qd8 33. Qc3 Nd5 34. Qc2 Nb4 35. Qb3 Nd5 (35... Bf5 $17 {And now ...Bc2 would win.} 36. Qc4 Bd6) 36. Bc4 (36. Qc2 $11) 36... Nb6 $17 37. Bd3 Bb8 38. Bb1 Nd5 39. Qc2 {Threatening mate with Qh7+.} g6 40. Ba2 Kg7 41. Bc4 Nb6 42. Bb3 Nd5 43. Bc4 $1 Nb6 (43... g5 $17) 44. Bf1 (44. Bb3 $1 $11) 44... Nd5 (44... h5 $17) 45. Qb3 (45. Bc4 $1 $11 {keeps the balance.}) 45... Qb6 46. Qa2 Nb4 47. Qa3 Nd5 (47... Bf5 $17) 48. Nd3 (48. Qa2 $1 $11) 48... Qd8 49. g3 Bd6 50. Qa1 Bf5 51. Nde5 Be4 ({Black should try} 51... f6 52. Nc4 Bb4) 52. Bg2 ({Better is} 52. Kg1) 52... Bxf3 (52... f6 $142 53. Re1 Bc2) 53. Nxf3 Re2 54. Rd2 Rxd2 55. Nxd2 Bb4 56. Nf3 Qe7 ({Black should play} 56... Be7 $15) 57. Qd1 $11 Qe6 58. Kg1 Bd6 59. Qd3 Nb4 60. Qc3 Kg8 61. h4 Qf5 62. Ne5 Bxe5 (62... Bc7 {is more complex.} 63. Nc4 h5 64. Ne3 Qf6 65. Nc4 Qd8) 63. dxe5 Nd3 $36 {[%mdl 2048] Black fights for an advantage.} 64. f4 Qd7 65. Bf1 Nb4 66. h5 gxh5 67. Qe3 {[#]} Nc2 (67... h4 $1 $17 {[%mdl 512]}) 68. Qf2 (68. Qc3 $11 Nb4 69. Kg2) 68... Nd4 69. Kh2 c5 70. Bg2 (70. Qg2 $17) 70... b6 $19 (70... Qxa4 71. Bxb7 Qd1 72. Qg2 $15) 71. b3 Nxb3 (71... Qg4 $19 {and Black stays clearly on top.} 72. Qe3 h4 73. gxh4 Qxh4+ 74. Bh3 Kf8) 72. Qf3 $17 c4 ({But not} 72... Qxa4 $2 73. Qa8+ Kg7 74. f5 $18) (72... Nd4 $15 73. Qxh5 Kg7) 73. Qxh5 $11 c3 {aiming for ...c2.} ({Don't blunder} 73... Qxa4 $2 74. e6 $18) 74. Be4 $2 {[%mdl 8192]} (74. e6 $11 {and White has nothing to worry.} Qxe6 75. Bd5 Qxd5 76. Qxd5) 74... Qe6 $4 {[%mdl 8192]} ({Not} 74... Qxa4 $2 {[#]} 75. Bd5 $1 $18 {[%mdl 512]}) (74... Nd2 $19 75. Bf5 Qd4) 75. Bf5 $18 Qc6 $2 {[#]} (75... Qe8) 76. e6 $1 {[%mdl 576] Deflection} fxe6 77. Qg6+ {[%mdl 64] Double Attack} Kf8 78. Bxe6 {[%csl Ge6][%cal Rg6f7]} Ke7 79. Qf7+ Kd8 80. Bxb3 (80. Qf6+ $142 Kc7 81. Qe7+ Kb8 82. Qd8+ Ka7 83. Bd5 Qxd5 84. Qxd5) 80... Qc5 81. Be6 {[%csl Ge6][%cal Rf7d7]} Qf2+ 82. Kh3 {[%csl Ge6][%cal Rf7d7]} Qf1+ 83. Kh4 {[%csl Ge6][%cal Rf7d7]} Qd3 84. Qf8+ {[%mdl 64] Double Attack. Accuracy: White = 43%, Black = 37%.} 1-0

[Event "Turkish Super League 2019"]
[Site "Konya"]
[Date "2019.07.25"]
[Round "10"]
[White "Maltsevskaya, Aleksandra"]
[Black "Savina, Anastasia"]
[Result "1/2-1/2"]
[WhiteElo "2294"]
[BlackElo "2344"]
[Annotator "NA"]
[PlyCount "63"]
[EventDate "2019.07.17"]
[EventType "team-tourn"]
[EventCountry "TUR"]
[SourceTitle "playchess.com"]
[Source "ChessBase"]
[SourceQuality "1"]
[TimeControl "40/5400+30:1800+30"]

1. Nf3 {[%emt 0:00:30]} g6 {[%emt 0:01:30]} 2. g3 {[%emt 0:00:00]} Bg7 {[%emt 0:00:30]} 3. d4 {[%emt 0:00:00]} Nf6 {[%emt 0:00:30]} 4. Bg2 {[%emt 0:00:30]} O-O {[%emt 0:00:30]} 5. O-O {[%emt 0:00:00]} d6 {[%emt 0:00:00]} 6. b3 {[%emt 0:00:00]} a5 {[%emt 0:09:00]} 7. c4 {[%emt 0:02:30]} Nc6 {[%emt 0:06:30]} 8. Nc3 {[%emt 0:08:30]} Bf5 {[%emt 0:10:30]} 9. d5 {[%emt 0:12:30]} Ne4 {[%emt 0:16:30]} 10. Nxe4 {[%emt 0:00:30]} Bxe4 {[%emt 0:00:30]} 11. dxc6 {[%emt 0:00:30]} Bxa1 {[%emt 0:00:30]} 12. Bh6 {[%emt 0:00:30]} Bf6 {[%emt 0:02:30]} 13. Bxf8 {[%emt 0:03:30]} Qxf8 {[%emt 0:02:30]} 14. Nd4 {[%emt 0:08:30]} Bxg2 {[%emt 0:01:30]} 15. Kxg2 {[%emt 0:00:30]} Qb8 {[%emt 0:08:30]} 16. f3 {[%emt 0:25:30]} Ra6 {[%emt 0:24:52]} 17. cxb7 {[%emt 0:03:30]} Qxb7 {[%emt 0:00:06]} 18. Qd3 {[%emt 0:00:00]} a4 {[%emt 0:03:48]} 19. bxa4 {[%emt 0:12:00]} Bxd4 {[%emt 0:02:53]} 20. Qxd4 {[%emt 0:00:30]} Rxa4 {[%emt 0:00:00]} 21. Ra1 {[%emt 0:08:22]} c5 {[%emt 0:03:40]} 22. Qc3 {[%emt 0:01:47]} e5 {[%emt 0:03:34]} 23. Kf2 {[%emt 0:05:22]} Qa6 {[%emt 0:01:01]} 24. Qd3 {[%emt 0:00:08]} Kg7 {[%emt 0:00:01]} 25. Rd1 {[%emt 0:00:24]} Rxa2 {[%emt 0:00:31]} 26. Qxd6 {[%emt 0:00:06]} Qxd6 {[%emt 0:00:24]} 27. Rxd6 {[%emt 0:00:06]} Rc2 {[%emt 0:00:28]} 28. Rd5 {[%emt 0:00:09]} Rxc4 {[%emt 0:00:34]} 29. Rxe5 {[%emt 0:00:04]} h5 {[%emt 0:00:00]} 30. f4 {[%emt 0:03:43]} Rc1 {[%emt 0:00:27]} 31. Ke3 {[%emt 0:00:08]} Rh1 {[%emt 0:00:54]} 32. Rxc5 {[%emt 0:00:59]} 1/2-1/2

[Event "Turkish Super League 2019"]
[Site "Konya"]
[Date "2019.07.25"]
[Round "10"]
[White "Yildiz Kadioglu, Betul Cemre"]
[Black "Tsolakidou, Stavroula"]
[Result "1/2-1/2"]
[WhiteElo "2290"]
[BlackElo "2423"]
[Annotator "NA"]
[PlyCount "64"]
[EventDate "2019.07.17"]
[EventType "team-tourn"]
[EventCountry "TUR"]
[SourceTitle "playchess.com"]
[Source "ChessBase"]
[SourceQuality "1"]
[TimeControl "40/5400+30:1800+30"]

1. e4 {[%emt 0:03:30]} c5 {[%emt 0:00:30]} 2. c3 {[%emt 0:00:00]} d5 {[%emt 0:00:30]} 3. exd5 {[%emt 0:00:00]} Qxd5 {[%emt 0:00:30]} 4. d4 {[%emt 0:00:30]} Nf6 {[%emt 0:01:30]} 5. Nf3 {[%emt 0:00:30]} e6 {[%emt 0:00:00]} 6. Na3 {[%emt 0:03:30]} a6 {[%emt 0:03:00]} 7. Nc2 {[%emt 0:01:30]} Nbd7 {[%emt 0:09:30]} 8. Be2 {[%emt 0:08:30]} Be7 {[%emt 0:14:30]} 9. O-O {[%emt 0:02:30]} O-O {[%emt 0:00:00]} 10. c4 {[%emt 0:08:30]} Qd6 {[%emt 0:11:00]} 11. dxc5 {[%emt 0:08:30]} Qxc5 {[%emt 0:00:30]} 12. Qd4 {[%emt 0:10:30]} Qc6 {[%emt 0:03:30]} 13. Bf4 {[%emt 0:10:30]} b6 {[%emt 0:14:30]} 14. Rad1 {[%emt 0:14:30]} Bb7 {[%emt 0:03:30]} 15. Ne3 {[%emt 0:05:10]} Bc5 {[%emt 0:16:06]} 16. Qc3 {[%emt 0:06:00]} Rad8 {[%emt 0:04:09]} 17. b4 {[%emt 0:04:15]} Ne4 {[%emt 0:02:05]} 18. Qb2 {[%emt 0:02:00]} Be7 {[%emt 0:00:58]} 19. Ne5 {[%emt 0:01:31]} Qa4 {[%emt 0:04:58]} 20. Nxd7 {[%emt 0:04:54]} Rxd7 {[%emt 0:00:04]} 21. Rxd7 {[%emt 0:00:31]} Qxd7 {[%emt 0:00:04]} 22. Be5 {[%emt 0:00:40]} f6 {[%emt 0:03:56]} 23. Bd4 {[%emt 0:00:08]} Bxb4 {[%emt 0:01:03]} 24. Bxb6 {[%emt 0:00:45]} Bc3 {[%emt 0:01:50]} 25. Qc2 {[%emt 0:01:30]} Be5 {[%emt 0:00:51]} 26. Rd1 {[%emt 0:01:39]} Qc6 {[%emt 0:01:38]} 27. Bd4 {[%emt 0:00:12]} Bb8 {[%emt 0:01:51]} 28. Bf3 {[%emt 0:00:21]} Rc8 {[%emt 0:00:54]} 29. Bb2 {[%emt 0:01:03]} Ba7 {[%emt 0:00:27]} 30. Bd4 {[%emt 0:00:17]} Bb8 {[%emt 0:00:30]} 31. Bb2 {[%emt 0:00:01]} Ba7 {[%emt 0:00:33]} 32. Bd4 {[%emt 0:00:05]} Bb8 {[%emt 0:00:22]} 1/2-1/2

[Event "Turkish Super League 2019"]
[Site "Konya"]
[Date "2019.07.25"]
[Round "10"]
[White "Kilic, Efe Mert"]
[Black "Lobanov, Sergei"]
[Result "0-1"]
[WhiteElo "2275"]
[BlackElo "2505"]
[Annotator "ChessBase"]
[PlyCount "78"]
[EventDate "2019.07.17"]
[EventType "team-tourn"]
[EventCountry "TUR"]
[SourceTitle "playchess.com"]
[Source "ChessBase"]
[SourceQuality "1"]
[TimeControl "40/5400+30:1800+30"]

1. e4 {[%emt 0:00:30]} c5 {[%emt 0:00:30]} 2. Nf3 {[%emt 0:00:30]} d6 {[%emt 0:00:30]} 3. d4 {[%emt 0:00:30]} cxd4 {[%emt 0:00:30]} 4. Nxd4 {[%emt 0:00:30]} Nf6 {[%emt 0:00:30]} 5. Nc3 {[%emt 0:00:30]} Nc6 {[%emt 0:00:00]} 6. Bc4 {[%emt 0:02:30]} e6 {[%emt 0:00:00]} 7. Bb3 {[%emt 0:01:30]} a6 {[%emt 0:00:00]} 8. O-O {[%emt 0:00:30]} Be7 {[%emt 0:00:00]} 9. Be3 {[%emt 0:00:30]} O-O {[%emt 0:00:30]} 10. h3 {[%emt 0:09:30]} Na5 {[%emt 0:01:30]} 11. f4 {[%emt 0:28:30]} Qc7 {[%emt 0:00:30]} 12. f5 {[%emt 0:06:30]} Nc4 {[%emt 0:13:30]} 13. Bxc4 {[%emt 0:01:30]} Qxc4 {[%emt 0:00:00]} 14. Qd3 {[%emt 0:00:30]} Qxd3 {[%emt 0:02:00]} 15. cxd3 {[%emt 0:00:30]} Bd7 {[%emt 0:00:00]} 16. a4 {[%emt 0:03:30]} h6 {[%emt 0:06:00]} 17. g4 {[%emt 0:01:30]} e5 {[%emt 0:02:30]} 18. Nc2 {[%emt 0:01:30]} Bc6 {[%emt 0:06:30]} 19. g5 {[%emt 0:01:30]} hxg5 {[%emt 0:00:30]} 20. Bxg5 {[%emt 0:00:00]} Rfd8 {[%emt 0:10:30]} 21. Ne3 {[%emt 0:03:00]} Kf8 {[%emt 0:01:30]} 22. a5 {[%emt 0:08:30]} Rac8 {[%emt 0:12:30]} 23. Kg2 {[%emt 0:07:57]} Ke8 {[%emt 0:07:30]} 24. h4 {[%emt 0:01:24]} d5 {[%emt 0:13:30]} 25. Bxf6 {[%emt 0:00:55]} dxe4 {[%emt 0:00:00]} 26. Bxe7 {[%emt 0:02:13]} exd3+ {[%emt 0:00:00]} 27. Kf2 {[%emt 0:04:13]} Kxe7 {[%emt 0:00:00]} 28. Ke1 {[%emt 0:00:00]} Rh8 {[%emt 0:03:00]} 29. Kd2 {[%emt 0:00:30]} Rxh4 {[%emt 0:06:06]} 30. f6+ {[%emt 0:00:30]} Ke6 {[%emt 0:00:00]} 31. fxg7 {[%emt 0:01:55]} Rh2+ {[%emt 0:00:52]} 32. Kc1 {[%emt 0:01:29]} Rg8 {[%emt 0:02:08]} 33. Nf5 {[%emt 0:02:50]} Rc2+ {[%emt 0:03:20]} 34. Kb1 {[%emt 0:02:01]} Bg2 {[%emt 0:00:05]} 35. Ne3 {[%emt 0:00:02]} Bxf1 {[%emt 0:00:55]} 36. Nxc2 {[%emt 0:00:30]} dxc2+ {[%emt 0:00:00]} 37. Kxc2 {[%emt 0:00:07]} Bg2 {[%emt 0:00:00]} 38. Rg1 {[%emt 0:00:23]} Rxg7 {[%emt 0:00:28]} 39. Kd2 {[%emt 0:00:08]} Rg4 {[%emt 0:00:10]} 0-1

[Event "Turkish Super League 2019"]
[Site "Konya"]
[Date "2019.07.25"]
[Round "10"]
[White "Samani, Yamac"]
[Black "Heberla, Bartlomiej"]
[Result "0-1"]
[WhiteElo "2266"]
[BlackElo "2534"]
[Annotator "ChessBase"]
[PlyCount "114"]
[EventDate "2019.07.17"]
[EventType "team-tourn"]
[EventCountry "TUR"]
[SourceTitle "playchess.com"]
[Source "ChessBase"]
[SourceQuality "1"]
[TimeControl "40/5400+30:1800+30"]

1. e4 {[%emt 0:00:30]} e5 {[%emt 0:03:30]} 2. Nf3 {[%emt 0:00:30]} Nc6 {[%emt 0:00:30]} 3. Bc4 {[%emt 0:00:30]} Bc5 {[%emt 0:00:00]} 4. O-O {[%emt 0:00:00]} Nf6 {[%emt 0:00:00]} 5. d3 {[%emt 0:00:00]} O-O {[%emt 0:00:00]} 6. Re1 {[%emt 0:01:30]} Ng4 {[%emt 0:00:00]} 7. Re2 {[%emt 0:07:30]} Kh8 {[%emt 0:00:30]} 8. h3 {[%emt 0:02:30]} f5 {[%emt 0:00:00]} 9. Nc3 {[%emt 0:10:30]} Nf6 {[%emt 0:07:00]} 10. Bg5 {[%emt 0:13:30]} f4 {[%emt 0:09:30]} 11. Nd5 {[%emt 0:01:30]} Be7 {[%emt 0:03:30]} 12. Bxf6 {[%emt 0:21:30]} Bxf6 {[%emt 0:06:30]} 13. b4 {[%emt 0:05:30]} d6 {[%emt 0:02:30]} 14. b5 {[%emt 0:01:30]} Ne7 {[%emt 0:03:30]} 15. Rd2 {[%emt 0:05:30]} Ng6 {[%emt 0:00:30]} 16. d4 {[%emt 0:02:30]} exd4 {[%emt 0:05:30]} 17. Nxf6 {[%emt 0:00:30]} Qxf6 {[%emt 0:00:00]} 18. Rxd4 {[%emt 0:00:30]} Bd7 {[%emt 0:00:00]} 19. Rb1 {[%emt 0:03:30]} Rae8 {[%emt 0:01:30]} 20. Rb3 {[%emt 0:00:30]} Ne5 {[%emt 0:05:30]} 21. Be2 {[%emt 0:00:30]} Nxf3+ {[%emt 0:05:30]} 22. Bxf3 {[%emt 0:00:30]} Re5 {[%emt 0:00:00]} 23. Rc3 {[%emt 0:00:30]} Qd8 {[%emt 0:07:00]} 24. a4 {[%emt 0:00:30]} Be6 {[%emt 0:00:30]} 25. Bg4 {[%emt 0:03:51]} Bf7 {[%emt 0:00:30]} 26. Qd2 {[%emt 0:02:15]} h5 {[%emt 0:06:30]} 27. Bf3 {[%emt 0:00:22]} Be6 {[%emt 0:01:30]} 28. Qe2 {[%emt 0:02:50]} g6 {[%emt 0:01:30]} 29. Qd1 {[%emt 0:05:20]} Rf7 {[%emt 0:11:30]} 30. Be2 {[%emt 0:00:06]} Rh7 {[%emt 0:03:23]} 31. a5 {[%emt 0:00:56]} b6 {[%emt 0:01:01]} 32. axb6 {[%emt 0:00:05]} axb6 {[%emt 0:00:00]} 33. Ra4 {[%emt 0:00:46]} Rg7 {[%emt 0:01:48]} 34. Qa1 {[%emt 0:01:04]} Kh7 {[%emt 0:01:15]} 35. Ra8 {[%emt 0:02:31]} Qg5 {[%emt 0:02:38]} 36. Qa7 {[%emt 0:02:00]} Rc5 {[%emt 0:00:19]} 37. Rxc5 {[%emt 0:00:44]} Qxc5 {[%emt 0:00:43]} 38. Rf8 {[%emt 0:02:44]} Qxc2 {[%emt 0:01:19]} 39. Qb8 {[%emt 0:00:42]} Bg8 {[%emt 0:00:47]} 40. Bf3 {[%emt 0:00:00]} Qb1+ {[%emt 0:03:10]} 41. Kh2 {[%emt 0:01:14]} Qxb5 {[%emt 0:00:37]} 42. Rxf4 {[%emt 0:03:30]} Qb2 {[%emt 0:02:30]} 43. Rf8 {[%emt 0:03:30]} b5 {[%emt 0:07:30]} 44. Rc8 {[%emt 0:03:30]} Qe5+ {[%emt 0:00:30]} 45. g3 {[%emt 0:02:59]} Qc5 {[%emt 0:05:30]} 46. Kg2 {[%emt 0:00:13]} b4 {[%emt 0:00:30]} 47. Bd1 {[%emt 0:06:14]} Qc4 {[%emt 0:01:30]} 48. Qb7 {[%emt 0:03:01]} Be6 {[%emt 0:00:30]} 49. Rb8 {[%emt 0:00:36]} Bxh3+ {[%emt 0:08:38]} 50. Kxh3 {[%emt 0:01:19]} Qf1+ {[%emt 0:00:30]} 51. Kh2 {[%emt 0:00:19]} Qxf2+ {[%emt 0:00:00]} 52. Kh3 {[%emt 0:02:25]} Qf1+ {[%emt 0:00:15]} 53. Kh2 {[%emt 0:00:00]} Rf7 {[%emt 0:01:22]} 54. g4 {[%emt 0:01:36]} Rf2+ {[%emt 0:02:42]} 55. Kg3 {[%emt 0:00:01]} Qg1+ {[%emt 0:00:29]} 56. Kh4 {[%emt 0:00:30]} Qh2+ {[%emt 0:00:30]} 57. Kg5 {[%emt 0:00:30]} Qf4+ {[%emt 0:00:00]} 0-1

[Event "Turkish Super League 2019"]
[Site "Konya"]
[Date "2019.07.25"]
[Round "10"]
[White "Keler, Faruk"]
[Black "Secer, Ata"]
[Result "0-1"]
[WhiteElo "2263"]
[BlackElo "2324"]
[Annotator "NA"]
[PlyCount "74"]
[EventDate "2019.07.17"]
[EventType "team-tourn"]
[EventCountry "TUR"]
[SourceTitle "playchess.com"]
[Source "ChessBase"]
[SourceQuality "1"]
[TimeControl "40/5400+30:1800+30"]

1. Nf3 {[%emt 0:00:30]} d5 {[%emt 0:00:30]} 2. g3 {[%emt 0:00:30]} Nf6 {[%emt 0:00:30]} 3. Bg2 {[%emt 0:00:00]} g6 {[%emt 0:00:00]} 4. d4 {[%emt 0:00:00]} Bg7 {[%emt 0:00:00]} 5. O-O {[%emt 0:00:30]} O-O {[%emt 0:00:30]} 6. c4 {[%emt 0:00:30]} dxc4 {[%emt 0:00:00]} 7. Na3 {[%emt 0:00:00]} Nc6 {[%emt 0:00:00]} 8. Nxc4 {[%emt 0:02:00]} Be6 {[%emt 0:00:00]} 9. Nce5 {[%emt 0:05:30]} Bd5 {[%emt 0:00:00]} 10. Bf4 {[%emt 0:03:30]} Nxe5 {[%emt 0:06:30]} 11. Bxe5 {[%emt 0:07:30]} c6 {[%emt 0:00:30]} 12. Qc2 {[%emt 0:02:30]} Be4 {[%emt 0:00:30]} 13. Qb3 {[%emt 0:00:30]} Qb6 {[%emt 0:00:30]} 14. Qa3 {[%emt 0:00:30]} Nd5 {[%emt 0:02:30]} 15. Bxg7 {[%emt 0:01:30]} Kxg7 {[%emt 0:00:30]} 16. e3 {[%emt 0:04:30]} Qb4 {[%emt 0:16:30]} 17. Qxb4 {[%emt 0:01:30]} Nxb4 {[%emt 0:00:30]} 18. Ne5 {[%emt 0:00:30]} Bxg2 {[%emt 0:00:00]} 19. Kxg2 {[%emt 0:00:30]} Rfd8 {[%emt 0:04:00]} 20. Rfc1 {[%emt 0:08:30]} f6 {[%emt 0:05:30]} 21. Nc4 {[%emt 0:03:30]} c5 {[%emt 0:13:30]} 22. dxc5 {[%emt 0:06:30]} Nd3 {[%emt 0:00:30]} 23. Rd1 {[%emt 0:01:30]} Nxc5 {[%emt 0:00:00]} 24. Na5 {[%emt 0:01:30]} Rac8 {[%emt 0:17:00]} 25. Rxd8 {[%emt 0:19:30]} Rxd8 {[%emt 0:00:30]} 26. Rc1 {[%emt 0:00:30]} b6 {[%emt 0:02:30]} 27. Nc4 {[%emt 0:00:30]} Nd3 {[%emt 0:03:30]} 28. Rc3 {[%emt 0:00:30]} f5 {[%emt 0:10:08]} 29. Kf1 {[%emt 0:07:30]} e5 {[%emt 0:04:41]} 30. b3 {[%emt 0:06:39]} e4 {[%emt 0:00:14]} 31. Na3 {[%emt 0:00:46]} Ne5 {[%emt 0:03:11]} 32. Rc7+ {[%emt 0:00:35]} Kh6 {[%emt 0:01:48]} 33. Ke2 {[%emt 0:05:23]} Nf3 {[%emt 0:00:42]} 34. Nb1 {[%emt 0:00:21]} Nxh2 {[%emt 0:00:54]} 35. Rxa7 {[%emt 0:01:12]} Nf3 {[%emt 0:01:43]} 36. a4 {[%emt 0:01:40]} Rd3 {[%emt 0:01:11]} 37. Na3 {[%emt 0:03:31]} Rd2+ {[%emt 0:00:16]} 0-1